Запаздывание разряда в монокристаллах NaCl в неравномерном поле; Известия вузов. Физика; № 2

書誌詳細
Parent link:Известия вузов. Физика.— , 1958-
№ 2.— 1958.— С. 121-124
第一著者: Сончик К. К. Константин Константинович
言語:ロシア語
出版事項: 1958
主題:
フォーマット: MixedMaterials 図書の章
KOHA link:https://koha.lib.tpu.ru/cgi-bin/koha/opac-detail.pl?biblionumber=576989

MARC

LEADER 00000naa2a2200000 4500
001 576989
005 20231101130358.0
035 |a (RuTPU)RU\TPU\prd\276153 
035 |a RU\TPU\tpu\4417 
090 |a 576989 
100 |a 20180313a1958 k y0rusy50 ca 
101 0 |a rus 
102 |a RU 
200 1 |a Запаздывание разряда в монокристаллах NaCl в неравномерном поле  |f К. К. Сончик 
461 |0 (RuTPU)RU\TPU\prd\191  |t Известия вузов. Физика  |d 1958- 
463 |0 (RuTPU)RU\TPU\prd\22440  |t № 2  |v С. 121-124  |d 1958 
610 1 |a труды учёных ТПУ 
700 1 |a Сончик  |b К. К.  |c специалист в области электрооборудования летательных аппаратов  |c доцент Томского политехнического университета, кандидат технических наук  |c выпускник Томского политехнического института 1952 г.  |c ветеран Великой Отечественной войны  |f 1924-  |g Константин Константинович  |2 stltpush  |3 (RuTPU)RU\TPU\pers\27494 
801 0 |a RU  |b 63413507  |c 20011210  |g PSBO 
801 2 |a RU  |b 63413507  |c 20180313  |g PSBO 
942 |c BK